书目信息 |
| 题名: |
婚外情这东西
|
|
| 作者: | 程超泽 著 | |
| 分册: | ||
| 出版信息: | 南京 江苏文艺出版社 2002 |
|
| 页数: | 231页 | |
| 开本: | 21cm | |
| 丛书名: | 伊甸园丛书 | |
| 单 册: | ||
| 中图分类: | D669.1 | |
| 科图分类: | ||
| 主题词: | 婚姻问题--hun yin wen ti--研究--中国 | |
| 电子资源: | ||
| ISBN: | 7-5399-1792-X | |
| 000 | 01010nam 2200253 450 | |
| 001 | 0142329859 | |
| 005 | 20080826140524.65 | |
| 010 | @a7-5399-1792-X@dCNY13.80 | |
| 100 | @a20050421d2002 km y0chiy0120 ea | |
| 101 | 0 | @achi |
| 102 | @aCN@b320000 | |
| 105 | @ay z 000zy | |
| 200 | 1 | @a婚外情这东西@Ahun wai qing zhe dong xi@e当代中国婚外情纪实@f程超泽著@Fcheng chao ze zhu |
| 210 | @a南京@c江苏文艺出版社@d2002 | |
| 215 | @a231页@d21cm | |
| 225 | 2 | @a伊甸园丛书@Ayi dian yuan cong shu |
| 330 | @a这是一部以全景纪实视野探讨中国男女情感出轨问题的著作。书中展示了100多例各式各样梦幻与现实、灵与肉、欢乐与痛苦相互交织的男女婚外情。阅读本书,可以把握婚里婚外错综复杂的情感现象,书中人物的真实告白,应该能给人以启示。 | |
| 410 | 0 | @12001 @a伊甸园丛书 |
| 517 | 1 | @a当代中国婚外情纪实@Adang dai zhong guo hun wai qing ji shi |
| 606 | 0 | @a婚姻问题@Ahun yin wen ti@x研究@y中国 |
| 690 | @aD669.1@v4 | |
| 701 | 0 | @a程超泽@Acheng chao ze@4著 |
| 801 | 0 | @aCN@bRULIN@c20080826 |
| 905 | @aZUCC@dD669.1@eC730 | |
| 婚外情这东西:当代中国婚外情纪实/程超泽著.-南京:江苏文艺出版社,2002 |
| 231页;21cm.-(伊甸园丛书) |
| ISBN 7-5399-1792-X:CNY13.80 |
| 这是一部以全景纪实视野探讨中国男女情感出轨问题的著作。书中展示了100多例各式各样梦幻与现实、灵与肉、欢乐与痛苦相互交织的男女婚外情。阅读本书,可以把握婚里婚外错综复杂的情感现象,书中人物的真实告白,应该能给人以启示。 |
| ● |
| 相关链接 |
|
|
|
正题名:婚外情这东西
索取号:D669.1/C730
 
预约/预借
| 序号 | 登录号 | 条形码 | 馆藏地/架位号 | 状态 | 备注 |
| 1 | 714011 | 207140119 | 社科库509/509社科库 76排1列4层/ [索取号:D669.1/C730] | 在馆 | |
| 2 | 714012 | 207140128 | 社科库509/509社科库 76排1列4层/ [索取号:D669.1/C730] | 在馆 | |
| 3 | 714013 | 207140137 | 社科库509/509社科库 76排1列4层/ [索取号:D669.1/C730] | 在馆 |